000 00703nam a22002177a 4500
003 DO-SdBNP
005 20211118122604.0
007 ta
008 211118b2019 dr ||||| |||| 00| 0 spa d
020 _a9789945919158
040 _aDO-SdBNP
_bspa
_cBNPHU
100 1 _aPorte Arias, Alex,
_d1979-
_980669
245 1 0 _aVenciendo en la intercesión /
_cAlex Porte Arias ; prólogo Alexis Angulo.
260 _aSanto Domingo :
_bPublicaciones Libertad,
_c2019.
300 _a103 p. ;
_c21 cm.
500 _aIncluye datos biográficos del autor en la contracubierta.
590 _aInventariado, 2021 /LP
700 1 _aAngulo, Alexis,
_eprólogo
_978155
910 _aLopérez
942 _2ddc
_cLBS1
999 _c50995
_d50995